000 00822 a2200205 4500
020 _a0071400702
040 _aLibrary of Congress
_bEnglish
082 0 0 _a621.392
100 1 _aPerry, Douglas L.
245 1 0 _aVHDL : programming by example
_cDouglas L. Perry.
250 _a4th ed.
260 _aNew Delhi :
_bTata McGraw-Hill,
_cc2002.
300 _axvii, 476 p. :
_bill. ;
_c24 cm. + 1 CD-ROM (4 3/4 in.)
500 _aIncludes index.
650 0 _aVHDL (Computer hardware description language)
856 4 2 _3Contributor biographical information
_uhttp://www.loc.gov/catdir/bios/mh041/2002070962.html
856 4 2 _3Publisher description
_uhttp://www.loc.gov/catdir/description/mh022/2002070962.html
856 4 2 _3Table of contents
_uhttp://www.loc.gov/catdir/toc/mh023/2002070962.html
942 _cBK
_k621.392 PER
_2ddc
999 _c9461
_d9461